LEADER 01050nam0-22003251i-450 001 990001700970403321 005 20190529131333.0 035 $a000170097 035 $aFED01000170097 035 $a(Aleph)000170097FED01 035 $a000170097 100 $a20030910d1977----km-y0itay50------ba 101 0 $afre 102 $aCH 200 1 $aContribution a la chimie taxonomique de 57 especes de legumineuse$eetude qualitative et quantitative des proteinesde leurs graines, traitement informatique des donnees$ethese...$fMarie Therese Misset 210 $aGeneve$cUniversite$d1977 215 $a18 p.$d24 cm 610 0 $aChimica vegetale 610 0 $aLeguminales 610 0 $aLeguminose da granella 676 $a583.32 676 $a581.19 700 1$aMisset,$bMarie Therese$073338 801 0$aIT$bUNINA$gRICA$2UNIMARC 901 $aLG 912 $a990001700970403321 952 $a60 OP. 107/11$b46318$fFAGBC 959 $aFAGBC 996 $aContribution a la chimie taxonomique de 57 especes de legumineuse$9362420 997 $aUNINA LEADER 01197nam a22002771i 4500 001 991002752679707536 005 20040319112122.0 008 040624s1991 it a||||||||||||||||ita 020 $a8842038377 035 $ab12972642-39ule_inst 035 $aARCHE-093032$9ExL 040 $aDip.to Beni Culturali$bita$cA.t.i. Arché s.c.r.l. Pandora Sicilia s.r.l. 082 04$a911.38 245 00$aGeografia storica della Grecia antica :$btradizioni e problemi /$ca cura di Francesco Prontera 260 $aRoma [etc.] :$bLaterza,$c1991 300 $aVII, 294 p. :$bill. ;$c21 cm 490 $aBiblioteca di cultura moderna ;$v1011 500 $aRelazioni presentate al 4. incontro perugino di storia della storiografia antica e sul mondo antico, Acquasparta, 29 maggio-1 giugno 1989 651 4$aGrecia antica$xGeografia storica 700 1 $aProntera, Francesco 907 $a.b12972642$b22-09-20$c12-07-04 912 $a991002752679707536 945 $aLE001 AN XXII 19$g1$i2001000059690$lle001$nC. 1$o-$pE0.00$q-$rl$s- $t0$u0$v0$w0$x0$y.i13575818$z12-07-04 996 $aGeografia storica della Grecia antica$9279560 997 $aUNISALENTO 998 $ale001$b12-07-04$cm$da $e-$fita$git $h0$i1 LEADER 00963nam a2200217 i 4500 001 991004312828207536 005 20240405132730.0 008 240405s1947 it rl 000 0 ita d 040 $aBibl. Interfacoltà T. Pellegrino$bita$cSocioculturale Scs 041 0 $aita 082 0 $a348.45$223 110 2 $aItalia$kleggi$d1946$0423419 245 13$aLa legislazione vigente :$brepertorio analitico alfabetico delle disposizioni legislative vigenti. 1947. Aggiornato al 31 dicembre 1946 ; Con richiami di coordinamento e riferimenti a Lex. Raccolta cronologica della legislazione italiana /$ca cura dell'avv. Giovanni Davicini. 246 18$aLa legislazione vigente, 1947 260 $a[Torino] :$bUtet,$c, 1947 300 $a481 p. ;$c17 cm 651 0$aItalia$xLegislazione$y1946 700 1 $aDavicini, Giovanni$eauthor$4http://id.loc.gov/vocabulary/relators/aut$0225245 912 $a991004312828207536 996 $aLegislazione vigente$94148689 997 $aUNISALENTO